تهافت الفلاسفة

Bibliographic Details
Main Authors: غزالي , 1058-1111 (Author), دنيا، سليمان (Author)
Format: Book
Published: Qahirah : Dar al-Ma`arif , [19--]
Series:ذخائر العرب؛ 15
Subjects:

MARC

LEADER 00000cam a2200000 7i4500
001 0000005600
005 20091015093000.0
008 021119n
020 |a 9777337604 
090 0 0 |a B753.G3   |b T315 
100 0 |a غزالي ,   |d 1058-1111 ,   |e author 
241 0 0 |a Tahafut al-falasifah 
245 1 0 |a تهافت الفلاسفة   |c الامام الغزالي   |f تحقيق وتقديم سليمان دنيا 
260 2 |a Qahirah :   |b Dar al-Ma`arif ,   |c [19--] 
300 |a 371 p . ;   |c 24 cm. 
440 0 0 |a ذخائر العرب؛ 15 
650 0 |a Islam and philosophy 
700 0 |a دنيا، سليمان ,   |e author 
999 |a 1000013060   |b Book   |c OPEN SHELF (30 DAYS)   |e Gong Badak Campus 
999 |a 1000013061   |b Book   |c OPEN SHELF (30 DAYS)   |e Gong Badak Campus 
999 |a 1000013062   |b Book   |c OPEN SHELF (30 DAYS)   |e Gong Badak Campus 
999 |a 1000013063   |b Book   |c OPEN SHELF (30 DAYS)   |e Gong Badak Campus